GENETICS, genomics and breeding of forage crops
Guardat en:
| Format: | Llibre |
|---|---|
| Idioma: | anglès |
| Publicat: |
FL: CRC Press
2014
|
| Etiquetes: |
Afegir etiqueta
Sense etiquetes, Sigues el primer a etiquetar aquest registre!
|
MARC
| LEADER | 00000nam a22000007a 4500 | ||
|---|---|---|---|
| 008 | 201214b ||||| |||| 00| 0 eng d | ||
| 020 | |a ISBN: 978-14822-081-0-8 | ||
| 245 | |a GENETICS, genomics and breeding of forage crops |c edited by] Hongwei Cai, Toshihiko Yamada, Chittaranjan Kole. |g . ix, 302p.; ill | ||
| 260 | |b FL: CRC Press |c 2014 |h Boca Raton |i 689887 |l SB193.5 .G28 | ||
| 500 | |a “It includes references and index” | ||
| 942 | |a lcc |c BK |e Olagoke,M.A |f 14/12/2020 | ||
| 952 | |0 0 |1 0 |2 lcc |4 0 |6 SB01935 G28 |7 0 |9 469 |a HOL |b HOL |c QZ |d 2020-12-14 |l 0 |o SB193.5 .G28 |p 2020-2198 |r 2020-12-14 00:00:00 |w 2020-12-14 |y BK | ||
| 999 | |c 237 |d 237 | ||